Top Ten Best Dunkers In Nba History - Statistics

General Stats
  • This quiz has been taken 528 times
  • The average score is 5 of 10
Answer Stats
Hint Answer % Correct
1 Vince Carter
93%
3 Michael Jordan
83%
9 Lebron James
58%
2 Dominique Wilkins
56%
10 Kobe Bryant
55%
4 Julius Erving
43%
8 Nate Robinson
38%
5 Shawn Kemp
24%
6 Jason Richardson
22%
7 Gerald Green
14%
No matching quizzes found
Score Distribution
Percent of People with Each Score
Percentile by Number Answered
Your Score History
You have not taken this quiz